Statistics for PAOK FC 2015/16 squad

Click here to take the quiz!

General Stats

  • This quiz has been taken 56 times
  • The average score is 14 of 30

Answer Stats

HintAnswer% Correct
GKPanagiotis GlykosGreece
93%
MFErgys KaceAlbania
88%
FWStefanos AthanasiadisGreece
85%
GKRobin OlsenSweden
83%
FWRobert MakSlovakia
78%
MFDimitris PelkasGreece
63%
COACHIgor TudorCroatia
63%
DFGiorgos TzavellasGreece
60%
DFMiguel VitorPortugal
58%
DFRazvan RatRomania
58%
MFChristian NoboaEcuador
53%
MFAlexandros TziolisGreece
45%
FWDimitris SalpingidisGreece
45%
MFEyal GolasaIsrael
45%
FWFacundo PereyraArgentina
45%
MFHedwiges MaduroNetherlands
45%
DFStelios KitsiouGreece
40%
MFEfthimis KoulourisGreece
38%
DFRicardo CostaPortugal
38%
GKNikos MelissasGreece
35%
DFSotiris PapagiannopoulosGreece/Sweden
35%
MFMaarten MartensBelgium
33%
MFLucas PerezSpain
28%
DFDimitris KonstantinidisGreece
25%
FWGiannis MystakidisGreece
23%
MFCharis CharisisGreece
18%
DFGiannis SkondrasGreece
15%
MFKyriakos SavvidisGreece
13%
MFStelios PozoglouGreece
13%
MFNikos KorovesisGreece
10%

Score Distribution

Percentile by Number Answered

Percent of People with Each Score

Your Score History

You have not taken this quiz